| 000 | | | 03854nmc2a22002413x 450 |
| 001 | | | 675f70d9-f875-486e-a2e2-69e024fac3ce |
| 005 | | | 20210119095333.0 |
| 100 | ## | $a | 20201103l18681868k l0rusy0189 ca |
| 101 | 0# | $a | rus |
| 102 | ## | $a | RU |
| 105 | ## | $a | y### |
| 122 | 2# | $a | d |
| 200 | 1# | $a | Журналы высочайше учрежденной под почетным председательством его императорского высочества государя наследника цесаревича комиссии доставления пособий жителям России, пострадавшим в 1867 году от неурожая |
| | $j | 27 января - 6 октября 1868 г. |
| 215 | ## | $a | 223 л. |
| | $d | 36х23 см |
| 251 | ## | $c | Дело |
| 300 | ## | $a | Дело |
| 371 | ## | $a | Документ не является опубликованным и широко распространяемым |
| 461 | #0 | $1 | 001523d12d2-4a37-4177-a83e-48262505de72 |
| | $1 | 2001 |
| | $a | Контора Двора наследника великого князя Александра Александровича Министерства императорского двора |
| | $1 | 251 |
| | $c | Фонд |
| | $1 | 852 |
| | $j | 1339 |
| 462 | #0 | $1 | 001491caabc-e945-4aff-b3be-bff7dc9805bf |
| | $1 | 2001 |
| | $a | Контора Двора наследника великого князя Александра Александровича Министерства императорского двора |
| | $1 | 251 |
| | $c | Опись |
| | $1 | 852 |
| | $j | 2 |
| 801 | #0 | $a | RU |
| | $b | РГИА |
| | $c | 20201103 |
| | $g | RCR |
| 801 | #1 | $a | RU |
| | $b | ГлавНИВЦ |
| | $c | 20201103 |
| | $2 | rusmarc |
| 801 | #2 | $a | RU |
| | $b | ПБ им. Б.Н. Ельцина |
| | $c | 20210119 |
| | $g | RCR |
| | $2 | rusmarc |
| 850 | ## | $a | РГИА |
| 852 | ## | $a | РГИА |
| | $e | Федеральное казенное учреждение "Российский государственный исторический архив" (РГИА) |
| | $j | 380 |
| 937 | ## | $h | РГИА |
| | $d | 12348735 |
| | $a | ASBIBLIO_SCAN |
| 035 | ## | $a | RusGRCC00016949 |
| 856 | ## | $u | http://readingroom.main.prlib.ru/item.aspx?id_node=n154330704&mode=full |